| 000 | 00633nam a2200193 i 4500 | ||
|---|---|---|---|
| 001 | 186538 | ||
| 003 | ES-MaACL | ||
| 005 | 20230906222705.0 | ||
| 008 | 161123s1965 sp |||| | spa d | ||
| 080 | _a821.131.1-84"14" | ||
| 100 | 1 |
_aLeonardo da Vinci, _d1452-1519 _971671 |
|
| 245 | 1 | 0 | _aAforismos / Leonardo de Vinci ; [selección, traducción y prólogo de E. García de Zuñiga]. |
| 250 | _a3ª ed. | ||
| 260 |
_a[Madrid] : _bEspasa-Calpe, _c1965. |
||
| 300 |
_a154 p. ; _c18 cm. |
||
| 650 | 0 | 4 |
_aMáximas y aforismos. _914865 |
| 852 |
_aES-MaACL _jL-30883 _z. - Donat. Miguel A. Velasco |
||
| 999 |
_c186538 _d186538 |
||